000 00658nab a2200181 4500
001 244442
003 OSt
005 20240702074154.0
007 tu
008 200917s2020|||||||
040 _aDE-2950
_cDE-2950
245 0 0 _aNeues Antlitz für die Insel Ziegenwerder?
_bErholung. Mehr als 20 Jahre nach dem Hansetag sollen Teile der Oderinsel umgestaltet werden. Mehrere Maßnahmen stehen zur Debatte - an einigen kommt die Stadt nicht vorbei/
_cLeonard Palm
264 _c2024
653 _aFrankfurt (Oder)
653 _aZiegenwerder
773 0 _g35. Jahrgang (2024) Nr. 146 vom 25.06.2024, S. 13, mit Foto
_tMärkische Oderzeitung
942 _2z
_cA
999 _c373220
_d373220